| 000 | 01092nab a2200241 4500 | ||
|---|---|---|---|
| 003 | AR-RoBPED | ||
| 005 | 20260429095552.0 | ||
| 008 | 260429b |||||||| |||| 00| 0 spa d | ||
| 040 | _aAR-RoBPED | ||
| 041 | _aspa | ||
| 100 | 1 |
_aAntilef, Lorena F. _928668 _eProfesora en Historia |
|
| 245 | 1 | 3 |
_aUn proyecto de articulación y de trabajo colectivo. _bRevista "Nuestra EPJA" / |
| 260 |
_aBuenos Aires : _bNoveduc, _c2023 |
||
| 300 | _a8-10 p. | ||
| 500 | _aEn este texto se comenta un proyecto que se lleva adelante desde 2018 en una escuela secundaria de la modalidad Educación Permanente de Jóvenes y Adultos (EPJA) localizada en la ciudad de Trelew, en la provincia del Chubut. | ||
| 650 | 7 |
_aPROYECTOS EDUCACIONALES _910572 |
|
| 650 | 7 |
_aEXPERIENCIA PEDAGOGICA _93265 |
|
| 650 | 7 |
_aEVALUACION DEL APRENDIZAJE _97498 |
|
| 650 | 0 |
_aEDUCACIÓN DE JÓVENES Y ADULTOS _928183 |
|
| 773 | 0 |
_020414 _940098 _dBuenos Aires : Noveduc, 1993- _tNovedades Educativas _w(AR-RoBPED)20414 _x03283534 |
|
| 942 |
_2udc _cREV _h37(05) _mNov 86 N° 393 (Dic.2023) _ak.32665 |
||
| 945 | _amar 04/2026 | ||
| 999 |
_c32665 _d32665 |
||